| 000 | 00383 a2200169 4500 | ||
|---|---|---|---|
| 001 | 50428 | ||
| 020 | _a8520912397 | ||
| 040 | _cAnchieta - Bela Vista | ||
| 100 | _aMachado, Ana Maria | ||
| 240 | 1 | 0 |
_aPraga de unicórnio _lpor |
| 245 | 1 | 0 | _aPraga de unicórnio |
| 300 | _a28 | ||
| 362 | 0 | _a2006 | |
| 440 | 1 | _aNova Fronteira | |
| 650 | 4 | _aLiteratura infanto-juvenil | |
| 942 | _cBK | ||
| 999 |
_c50428 _d50428 |
||